000 01593nam a22003254i 4500
001 991061742701206706
003 ES-BaIT
005 20260413130322.0
008 260413s2026 sp 000 0 spa c
017 _aDL M 40-2026
_bOficina DL Madrid
020 _a9791387675158
040 _aES-BaIT
_bcat
_erda
_cES-BaIT
080 _a1
080 _a792.01
100 1 _aSchopenhauer, Arthur,
_d1788-1860
_eautor
_945701
245 1 0 _aSobre el teatro y las artes escénicas /
_cArthur Schopenhauer ; selección de textos, introducción, traducción y notas de Manuel Pérez Cornejo
264 1 _aMadrid :
_bCasimiro,
_c2026
300 _a125 pàgines ;
_c17 cm
336 _atext
_btxt
_2rdacontent
337 _asense mediació
_bn
_2rdamedia
338 _avolum
_bnc
_2rdacarrier
504 _aBibliografia pàgines: 45-47
520 _a"“El drama es el género poético más objetivo y, en más de un sentido, el más perfecto, pero también el más difícil. […] Es el espejo de la humanidad, y el que le hace a esta consciente de lo que ella siente y de aquello que la impulsa”. (A. Schopenhauer, El mundo como voluntad y representación, I, § 51). “El que no va al teatro, se parece a alguien que se adecenta sin espejo”. (A. Schopenhauer, Parerga y paralipómena, II, § 361)" -- Contracoberta
650 7 _aTeatre
_xTeoria i estètica
_957803
650 0 _aTragèdia
_xHistòria i crítica
_969696
700 _aPérez Cornejo, Manuel
_eeditor literari,
_eescriptor d'una introducció,
_etraductor
_9133298
908 _aCDMAE
940 _aCDMAE
942 _2udc
_c1
999 _c137365
_d137365